Statistics for U.S. Cities That Used To Have 50,000

Click here to take the quiz!

General Stats

  • This quiz has been taken 52 times
    (29 since last reset)
  • The average score is 22 of 44

Answer Stats

Peak Pop.2020 Pop.STAnswer% Correct
80,67447,969NYBinghamton
88%
65,25240,961KYCovington
88%
82,36618,469ILEast St. Louis
88%
98,26544,202MISaginaw
88%
86,62644,328PAWilkes-Barre
88%
82,05443,963PAAltoona
75%
85,79648,864WVCharleston
75%
86,36346,842WVHuntington
75%
53,73435,579OHLima
75%
102,39448,671NYNiagara Falls
75%
61,65927,052WVWheeling
75%
59,95344,800PAYork
75%
50,69149,449MSBiloxi
63%
50,98047,139RIEast Providence
63%
57,59747,702LAMonroe
63%
57,40041,253ARPine Bluff
63%
50,75149,929WISheboygan
63%
50,21143,240RIWoonsocket
63%
51,64845,275LAAlexandria
50%
66,19838,497NJAtlantic City
50%
66,03932,605PAChester
50%
67,32718,411PAJohnstown
50%
55,04747,534OHMansfield
50%
53,60432,661MIBay City
38%
53,05642,590VADanville
38%
57,66926,370INEast Chicago
38%
51,39247,741MIEast Lansing
38%
58,08833,945ALGadsden
38%
52,9598,977MIHighland Park
38%
60,20338,238MAHolyoke
38%
55,18731,309MIJackson
38%
51,64632,127NYRome
38%
63,49439,201OHWarren
38%
61,81345,312OHCleveland Heights
25%
56,26828,433MIHamtramck
25%
50,33847,450OHMentor
25%
57,87943,927MAPittsfield
25%
71,55249,692OHEuclid
13%
53,93340,245MILincoln Park
13%
55,35517,727PAMcKeesport
13%
51,86337,108ILRock Island
13%
60,52947,710MIRoseville
13%
51,24935,065MOUniversity City
13%
58,67648,387WIWauwatosa
13%

Score Distribution

Percentile by Number Answered

Percent of People with Each Score

Your Score History

You have not taken this quiz since the last reset